| 000 | 00714nam a2200181 i 4500 | ||
|---|---|---|---|
| 001 | 166621 | ||
| 003 | ES-MaACL | ||
| 005 | 20230906213353.0 | ||
| 008 | 021010s1878 sp |||| | spa d | ||
| 080 | _a656.2(460) | ||
| 100 | 1 |
_aTrias, José de. _9133374 |
|
| 245 | 1 | 0 |
_aFerro-carril de Linares a Almería : _bmemoria del proyecto aprobado por el Gobierno de S.M. para la construcción de esta línea / _c[José de Trías]. |
| 260 |
_aAlmería : _b[s.n.], _c1878 ( _fTip. de Mariano Álvarez y Robles) |
||
| 300 |
_a106 p. ; _c30 cm. |
||
| 594 | _aAutor tomado del pr. | ||
| 650 | 4 |
_aFerrocarriles- _zEspaña- _yS. XIX. _912762 |
|
| 852 | 4 |
_aES-MaACL _jT-327-F-11 _z- Enc. hol. _z- Enc. en un vol. facticio |
|
| 999 |
_c166621 _d166621 |
||